00574nam a2200121Ia 4500008004100000100002000041245013100061245009100192260004700283260000900330650002200339856009100361160809s9999 xx 000 0 und d aTetzloff, Lynn. aJAMES M. KAUFFMAN’S IDEAS ABOUT SPECIAL EDUCATION: IMPLICATIONS FOR EDUCATING CULTURALLY AND LINGUISTICALLY DIVERSE STUDENTS cLynn Tetzloff Red Apple Elementary School Festus E. Obiakor Valdosta State University. bInternational Journal of Special Education c2015 xSPECIAL EDUCATION uhttp://www.internationaljournalofspecialed.com/docs/IJSE%20ENTIRE%20ISSUE%2030%202.pdf